Pojistná matematika teorie a praxe

Salvato in:
Dettagli Bibliografici
Autore principale: Cipra, Tomáš
Natura: Libro
Lingua:ceco
Pubblicazione: Praha EKOPRESS 1999
Serie:Teorie a praxe
Soggetti:
Tags: Aggiungi Tag
Nessun Tag, puoi essere il primo ad aggiungerne!!

MARC

LEADER 00000nam a2200000 4500
001 c113726
005 20240111125636.6
020 |a 80-86119-17-3 
041 0 |a cze 
044 |a CZ 
245 1 0 |a Pojistná matematika  |b teorie a praxe  |c Tomáš Cipra 
264 1 |a Praha  |b EKOPRESS  |c 1999 
300 |a 398 s. 
490 1 |a Teorie a praxe 
830 0 |a Teorie a praxe 
610 2 0 |a matematika poistná 
610 2 0 |a teória a prax 
610 2 0 |a poistenie 
610 2 0 |a matematika finančná 
610 2 0 |a poistenie životné 
610 2 0 |a úmrtnosť 
610 2 0 |a kalkulácia 
610 2 0 |a poistenie skupinové 
610 2 0 |a rezervy poistné 
610 2 0 |a poistenie dôchodkové 
610 2 0 |a poistenie neživotné 
610 2 0 |a modelovanie matematické 
100 1 |a Cipra, Tomáš